Applied smoothing techniques for data analysis: the kernel approach with S-Plus

Uloženo v:
Podrobná bibliografie
Hlavní autoři: Bowman, Adrian W (Autor), Azzalini, Adelchi (Autor)
Médium: Kniha
Jazyk:angličtina
Vydáno: Oxford Clarendon Press 1997
Edice:Oxford Statistical Science Series, 18
Témata:
Tagy: Přidat tag
Žádné tagy, Buďte první, kdo vytvoří štítek k tomuto záznamu!

MARC

LEADER 00000nam a2200000 a 4500
001 UCO1437
003 CL-VaPUC
008 000512e19970000UK |||||||||||||||||eng|d
082 0 4 |a 519.5  |b BOW  |2 21 
100 0 |a Bowman, Adrian W  |e author  |9 443545 
700 0 |a Azzalini, Adelchi  |e author  |9 443546 
245 1 0 |a Applied smoothing techniques for data analysis: the kernel approach with S-Plus 
300 |a 193 p 
942 |c BK 
945 |d 20000512 00:00:00  |a vberengu 
260 |a Oxford  |b Clarendon Press  |c 1997 
650 0 |a Análisis de datos  |9 269871 
650 0 |a Proceso de datos   |9 259776 
650 0 |a Modelos de regresión   |9 424920 
583 |a last modification  |c 20000512 00:00:00  |k Rodrigo Vera 
490 0 |a Oxford Statistical Science Series, 18 
999 |c 288058  |d 288056 
952 |0 0  |1 0  |4 0  |6 519_500000000000000_BOW_1997  |7 0  |8 A  |9 335249  |a BIBGIM  |b BIBGIM  |d 2019-11-20  |i 3576205  |o 519.5 BOW 1997  |p 3576205  |r 2025-01-15  |w 2019-11-20  |y BK  |k EST